000 00294nam a22001337a 4500
008 171017b xxu||||| |||| 00| 0 eng d
020 _a9780071490672
041 _aeng
080 _22ND
_a331.101.262
100 _a52
101 _aBNJ
245 _aUNLOCK BEHAVIOR
_cWILK,L
942 _2udc
_cBK
999 _c34302
_d34302